[Event "Mulhouse Lallemand Memorial op"]
[Site "Mulhouse"]
[Date "2024.06.23"]
[Round "6"]
[White "Iglesias, Yosha"]
[Black "Malassagne, Isabelle"]
[Result "0-1"]
[WhiteElo "2315"]
[BlackElo "2090"]
[PlyCount "116"]
[EventDate "2024.06.22"]
[EventType "swiss (rapid)"]
[EventRounds "9"]
[EventCountry "FRA"]
[SourceTitle "CBM 220 Extra"]
[Source "ChessBase"]
[SourceDate "2024.07.31"]
[SourceVersion "1"]
[SourceVersionDate "2024.07.31"]
[SourceQuality "1"]

1. d4 Nf6 2. Nf3 g6 3. Bg5 Bg7 4. Nbd2 0-0 5. c3 d5 6. e3 a5 7. Be2 a4 8. 0-0 b6 9. b4 c5 10. b5 c4 11. Bxf6 Bxf6 12. e4 e6 13. e5 Bg7 14. Rb1 Bd7 15. Rb4 Ra5 16. Nxc4 dxc4 17. Bxc4 Qc7 18. Nd2 Rc8 19. Re1 Bf8 20. Rxa4 Qa7 21. Rxa5 Qxa5 22. Qb3 Bxb5 23. Bxe6 Rc7 24. Bc4 Bxc4 25. Nxc4 Qd5 26. Nxb6 Qxb3 27. axb3 Rxc3 28. Rb1 Nc6 29. Nd5 Rd3 30. Nf6+ Kg7 31. f4 Nxd4 32. b4 Ne2+ 33. Kf2 Nxf4 34. g3 Ne6 35. b5 Bc5+ 36. Ke2 Re3+ 37. Kd2 Rxe5 38. Ng4 Rd5+ 39. Kc3 Bb6 40. h4 h5 41. Nh2 Nc5 42. Kc4 Rd3 43. Nf1 Rf3 44. Rd1 Ne4 45. Kd5 Nxg3 46. Nxg3 Rxg3 47. Kc6 Bf2 48. Rb1 Rg4 49. Rb2 Bd4 50. Rb4 Bf2 51. Rb2 Bxh4 52. b6 Bg3 53. b7 Rc4+ 54. Kd5 Rc1 55. Rb3 Bb8 56. Ra3 h4 57. Ra8 Bg3 58. Ke4 Rb1 0-1

[Event "Menton op 20th"]
[Site "Menton"]
[Date "2023.10.23"]
[Round "2"]
[White "Malassagne, Isabelle"]
[Black "Dudognon, Thibault"]
[Result "1/2-1/2"]
[WhiteElo "2097"]
[BlackElo "2386"]
[PlyCount "255"]
[EventDate "2023.10.22"]
[EventType "swiss"]
[EventRounds "9"]
[EventCountry "FRA"]
[SourceTitle "EXT 2025"]
[Source "ChessBase"]
[SourceDate "2024.10.14"]
[SourceVersion "1"]
[SourceVersionDate "2024.10.14"]
[SourceQuality "1"]

1. e4 c5 2. Nf3 d6 3. Bb5+ Nd7 4. 0-0 a6 5. Be2 Ngf6 6. d3 g6 7. c4 Bg7 8. Nc3 0-0 9. d4 cxd4 10. Nxd4 Nc5 11. f3 Bd7 12. Be3 a5 13. Qd2 a4 14. Kh1 Re8 15. Nc2 Qc7 16. Rac1 Rec8 17. Nb4 Be6 18. Nbd5 Bxd5 19. exd5 Qa5 20. Qe1 Nfd7 21. f4 Re8 22. Bd2 Qb6 23. f5 Ne5 24. Rb1 Ncd3 25. Qg3 Nb4 26. Nb5 Na6 27. Be3 Qd8 28. Qf2 Rc8 29. b3 Nc5 30. Bd4 Rf8 31. Qe3 Qd7 32. fxg6 hxg6 33. Ba1 axb3 34. axb3 Na6 35. Nd4 Nc7 36. Nf3 Ng4 37. Qf4 Qf5 38. Qxf5 gxf5 39. Bxg7 Kxg7 40. Nd4 e6 41. Bxg4 fxg4 42. Rf4 e5 43. Rxg4+ Kf6 44. Rf1+ Ke7 45. Nf5+ Kd7 46. Rg7 Ne8 47. Rh7 Nf6 48. Rh6 Ne8 49. Ra1 Kc7 50. g4 Rd8 51. b4 Rg8 52. Ne3 Rd7 53. c5 Rg6 54. Rh8 Rd8 55. c6 bxc6 56. Ra7+ Kb6 57. Re7 cxd5 58. Nxd5+ Kc6 59. Ne3 Re6 60. Rxf7 d5 61. g5 d4 62. Nd1 e4 63. Rh6 Rdd6 64. Rxe6 Rxe6 65. Rf1 e3 66. Re1 Kd5 67. Kg2 Ke4 68. Nf2+ Kf4 69. h4 e2 70. h5 Kxg5 71. Nd3 Re3 72. Nc1 d3 73. Nxd3 Rxd3 74. Rxe2 Nf6 75. h6 Kxh6 76. Re5 Rb3 77. b5 Kg6 78. b6 Rxb6 79. Ra5 Rb3 80. Kf2 Kf7 81. Ra6 Ne4+ 82. Ke2 Nc5 83. Ra5 Ne6 84. Kf2 Kf6 85. Ke2 Nf4+ 86. Kd2 Ke6 87. Kc2 Rh3 88. Kd2 Nd5 89. Ke2 Ke5 90. Ra8 Nf6 91. Kd2 Ne4+ 92. Ke2 Nd6 93. Ra4 Rb3 94. Ra8 Kf4 95. Ra4+ Ne4 96. Ra8 Re3+ 97. Kd1 Rc3 98. Ke2 Nd6 99. Rd8 Nc4 100. Rf8+ Ke4 101. Re8+ Ne5 102. Kd2 Rc7 103. Re6 Rc8 104. Ra6 Nf3+ 105. Kd1 Nd4 106. Ra7 Rc2 107. Ra8 Rg2 108. Kc1 Kd3 109. Ra3+ Kc4 110. Rh3 Ne2+ 111. Kd1 Nf4 112. Rh8 Nd5 113. Ke1 Kd3 114. Rd8 Ke4 115. Re8+ Kd4 116. Rd8 Ra2 117. Kf1 Ke4 118. Re8+ Kf3 119. Ke1 Nc3 120. Rf8+ Ke3 121. Re8+ Ne4 122. Kd1 Rh2 123. Kc1 Kd4 124. Rd8+ Kc4 125. Rc8+ Nc5 126. Kd1 Kd3 127. Rd8+ Ke3 128. Re8+ 1/2-1/2